[Event "Wch FIDE Online U10 Europe qual"]
[Site "Tornelo INT"]
[Date "2020.12.09"]
[Round "7"]
[White "Dijokas, Jokubas"]
[Black "Ivanov, Andrey6"]
[Result "1-0"]
[WhiteElo "1276"]
[BlackElo "1261"]
[PlyCount "115"]
[EventDate "2020.12.07"]
[EventType "swiss (rapid)"]
[EventRounds "7"]
[EventCountry "ISS"]
[SourceTitle "EXT 2022"]
[Source "ChessBase"]
[SourceDate "2021.10.06"]
[SourceVersion "1"]
[SourceVersionDate "2021.10.06"]
[SourceQuality "1"]

1. e4 c5 2. c3 e6 3. d4 d5 4. exd5 Qxd5 5. Nf3 cxd4 6. cxd4 Nc6 7. Nc3 Qd8 8. Be2 Nf6 9. 0-0 Bd6 10. Bg5 Be7 11. Rc1 0-0 12. Re1 h6 13. Bh4 Nd5 14. Bxe7 Ndxe7 15. Bd3 Kh8 16. Bb1 Qd7 17. Qd3 Nf5 18. g4 Ncxd4 19. Nxd4 Qxd4 20. gxf5 Qxd3 21. Bxd3 exf5 22. Nd5 Rd8 23. Ne7 Rxd3 24. Rxc8+ Rxc8 25. Nxc8 Rd2 26. Rb1 a6 27. Nb6 Kh7 28. Kf1 Kg6 29. Nc4 Rc2 30. Ne3 Rd2 31. Ke1 Rd4 32. Rd1 Rxd1+ 33. Nxd1 Kg5 34. f3 Kh4 35. Nf2 g5 36. Kf1 g4 37. Kg2 h5 38. a3 Kg5 39. Nd3 b6 40. h3 f6 41. f4+ Kh4 42. hxg4 fxg4 43. b4 g3 44. a4 Kg4 45. a5 b5 46. Nc5 h4 47. Nxa6 h3+ 48. Kh1 Kf3 49. Kg1 g2 50. Nc5 Kg3 51. Ne4+ Kxf4 52. Nxf6 Kf3 53. a6 h2+ 54. Kxh2 Kf2 55. Ng4+ Kf3 56. a7 Kxg4 57. Kxg2 Kf4 58. a8Q 1-0

[Event "Wch FIDE Online U10 Europe qual"]
[Site "Tornelo INT"]
[Date "2020.12.07"]
[Round "1"]
[White "Dijokas, Jokubas"]
[Black "Strapec, Lukas"]
[Result "0-1"]
[WhiteElo "1276"]
[BlackElo "1622"]
[PlyCount "124"]
[EventDate "2020.12.07"]
[EventType "swiss (rapid)"]
[EventRounds "7"]
[EventCountry "ISS"]
[SourceTitle "EXT 2022"]
[Source "ChessBase"]
[SourceDate "2021.10.06"]
[SourceVersion "1"]
[SourceVersionDate "2021.10.06"]
[SourceQuality "1"]

1. e4 c5 2. c3 e6 3. d4 d5 4. exd5 exd5 5. Be3 c4 6. b3 Be6 7. bxc4 dxc4 8. Qa4+ Qd7 9. Qxd7+ Nxd7 10. Nf3 Ngf6 11. Nbd2 Nb6 12. Ne5 Na4 13. Rc1 b5 14. Nb1 Bd5 15. f3 Bd6 16. Rd1 0-0 17. h3 h6 18. Kf2 Bb7 19. Bf4 Rad8 20. Be2 Nd5 21. Bd2 Rfe8 22. Ng4 Bc7 23. Ne3 Ba5 24. Nxd5 Rxd5 25. Rhe1 Rdd8 26. Bf1 Rxe1 27. Rxe1 Kf8 28. g3 Re8 29. Rxe8+ Kxe8 30. Ke3 Ke7 31. f4 g6 32. Be2 h5 33. g4 h4 34. Be1 Bg2 35. Kd2 Ke6 36. Bxh4 Bxh3 37. Bg3 Bg2 38. g5 Be4 39. Na3 a6 40. Be1 Bxc3+ 41. Kd1 Bxe1 42. Kxe1 Nc3 43. Bg4+ Bf5 44. Bf3 Nd5 45. Bxd5+ Kxd5 46. Kd2 Kxd4 47. Ke2 b4 48. Nxc4 Kxc4 49. Kd2 a5 50. Kc1 Kc3 51. Kd1 a4 52. Kc1 b3 53. axb3 Kxb3 54. Kd1 a3 55. Kd2 a2 56. Ke2 a1Q 57. Kf2 Qc3 58. Kg2 Qe3 59. Kh1 Qe2 60. Kg1 Be6 61. Kh1 Bd5+ 62. Kg1 Qg2# 0-1

[Event "Wch FIDE Online U10 Europe qual"]
[Site "Tornelo INT"]
[Date "2020.12.07"]
[Round "2"]
[White "Morell, Oscar"]
[Black "Dijokas, Jokubas"]
[Result "1-0"]
[WhiteElo "1360"]
[BlackElo "1276"]
[PlyCount "47"]
[EventDate "2020.12.07"]
[EventType "swiss (rapid)"]
[EventRounds "7"]
[EventCountry "ISS"]
[SourceTitle "EXT 2022"]
[Source "ChessBase"]
[SourceDate "2021.10.06"]
[SourceVersion "1"]
[SourceVersionDate "2021.10.06"]
[SourceQuality "1"]

1. e4 e6 2. Nf3 d5 3. Nc3 Nf6 4. e5 Nfd7 5. d4 c5 6. dxc5 Bxc5 7. Bd3 Nc6 8. Bf4 Qb6 9. 0-0 0-0 10. Bxh7+ Kh8 11. Bd3 Qc7 12. Ng5 g6 13. Qg4 Kg7 14. Qh4 Rh8 15. Qg3 Ndxe5 16. Bxg6 fxg6 17. Nb5 Qb8 18. Rae1 a6 19. Rxe5 axb5 20. Rxe6 Qa7 21. Be5+ Nxe5 22. Qxe5+ Kh6 23. Nf7+ Kh7 24. Qxh8# 1-0